[Event "VII Trofeo Giovanni Pico B"]
[Site "Mirandola ITA"]
[Date "2014.01.10"]
[Round "1"]
[White "Catalano, Gianni"]
[Black "Pirotti, Livio"]
[Result "0-1"]
[WhiteElo "1482"]
[BlackElo "1416"]
[PlyCount "44"]
[EventDate "2014.01.10"]

1. e4 e5 2. Nf3 Nc6 3. d4 exd4 4. Nxd4 Bc5 5. Be3 Qf6 6. c3 Nge7 7. Qd3 d6 8.
Nb5 O-O 9. Bxc5 dxc5 10. Be2 Qg6 11. O-O Ne5 12. Qe3 b6 13. Nxc7 Bb7 14. Nxa8
Rxa8 15. Nd2 Rd8 16. Nf3 Bxe4 17. Rad1 Nd5 18. Qd2 Nxf3+ 19. Bxf3 Bxf3 20. g3
Qg4 21. Qd3 c4 22. Qd2 Qh3 0-1

[Event "VII Trofeo Giovanni Pico B"]
[Site "Mirandola ITA"]
[Date "2014.01.10"]
[Round "1"]
[White "Turrini, Davide"]
[Black "Cassanelli, Emilio"]
[Result "1-0"]
[WhiteElo "1434"]
[BlackElo "1488"]
[PlyCount "59"]
[EventDate "2014.01.10"]

1. e4 e5 2. Nf3 Nc6 3. d4 exd4 4. Nxd4 Bc5 5. Be3 Qf6 6. c3 Nge7 7. Qf3 Bxd4 8.
cxd4 Qxf3 9. gxf3 Nb4 10. Na3 a6 11. d5 d6 12. Bd2 a5 13. Rg1 Rg8 14. f4 c6 15.
dxc6 Nbxc6 16. Bc3 f6 17. Nb5 Kd7 18. O-O-O Rb8 19. Bh3+ Ke8 20. Nxd6+ Kf8 21.
Nxc8 Nxc8 22. e5 fxe5 23. fxe5 b5 24. f4 b4 25. Be1 N8e7 26. Bf2 Kf7 27. Rd7
Rge8 28. Bc5 Rbc8 29. Kb1 Nb8 30. Rxe7+ 1-0

[Event "VII Trofeo Giovanni Pico B"]
[Site "Mirandola ITA"]
[Date "2014.01.11"]
[Round "2"]
[White "Cassanelli, Emma"]
[Black "Catalano, Gianni"]
[Result "0-1"]
[WhiteElo "1335"]
[BlackElo "1482"]
[PlyCount "76"]
[EventDate "2014.01.10"]

1. e4 e5 2. Nf3 Nf6 3. Nc3 Nc6 4. Bc4 h6 5. d3 Bc5 6. Be3 Bxe3 7. fxe3 d6 8. h3
Na5 9. Bb3 Nxb3 10. axb3 a6 11. d4 exd4 12. exd4 O-O 13. O-O Re8 14. e5 Nh5 15.
Nd2 Qg5 16. Nde4 Qe3+ 17. Rf2 Ng3 18. Nxg3 Qxg3 19. Qh5 Qg6 20. Qxg6 fxg6 21.
Nd5 Rb8 22. Nxc7 Rf8 23. Rxf8+ Kxf8 24. Rf1+ Bf5 25. Ne6+ Kg8 26. Nf4 Bxc2 27.
exd6 Bf5 28. Nd5 Kf7 29. Re1 Re8 30. Ne7 Bd7 31. Rf1+ Ke6 32. d5+ Kxd6 33. Nxg6
Re2 34. Rf7 Rxb2 35. Nf4 Rxb3 36. Rxg7 a5 37. Rg6+ Ke5 38. Rd6 Kxd6 0-1

[Event "VII Trofeo Giovanni Pico B"]
[Site "Mirandola ITA"]
[Date "2014.01.11"]
[Round "2"]
[White "Ferrari, Paolo"]
[Black "Turrini, Davide"]
[Result "1/2-1/2"]
[WhiteElo "1323"]
[BlackElo "1434"]
[PlyCount "68"]
[EventDate "2014.01.10"]

1. d4 Nf6 2. Nf3 e6 3. e3 d5 4. Bd3 c5 5. b3 Nc6 6. c3 cxd4 7. exd4 h6 8. Bb2
Bd6 9. O-O Qc7 10. Re1 Bd7 11. c4 dxc4 12. Bxc4 O-O-O 13. Nc3 Bb4 14. Rc1 Bxc3
15. Bxc3 Nd5 16. Bb2 f6 17. Nd2 Qa5 18. a3 Kb8 19. Ne4 Bc8 20. Nc5 e5 21. b4
Qc7 22. b5 Nxd4 23. Bxd4 Ne7 24. Ne6 Bxe6 25. Bxe6 Qd6 26. Bxa7+ Kxa7 27. Qa4+
Kb8 28. Bb3 Qb6 29. Qb4 Nf5 30. a4 Nd4 31. Bc4 g5 32. a5 Qd6 33. Qb2 h5 34. a6
Qb6 1/2-1/2

[Event "VII Trofeo Giovanni Pico B"]
[Site "Mirandola ITA"]
[Date "2014.01.11"]
[Round "2"]
[White "Minelli, Giancarlo"]
[Black "Pirotti, Livio"]
[Result "1-0"]
[WhiteElo "1449"]
[BlackElo "1416"]
[PlyCount "67"]
[EventDate "2014.01.10"]

1. e4 e5 2. Nf3 Nc6 3. Bb5 a6 4. Ba4 Nf6 5. d3 d6 6. O-O b5 7. Bb3 Bg4 8. c3
Be7 9. Be3 d5 10. exd5 Nxd5 11. Nbd2 Nxe3 12. fxe3 Qxd3 13. Re1 e4 14. Bc2 exf3
15. Bxd3 f2+ 16. Kxf2 Bxd1 17. Raxd1 O-O-O 18. Bf5+ Kb8 19. Nf3 g6 20. Be4 Na5
21. b4 Nc4 22. Bd5 Nd6 23. Ne5 Kc8 24. e4 Bf6 25. Nc6 Bxc3 26. Nxd8 Bxe1+ 27.
Kxe1 Rxd8 28. e5 Re8 29. e6 fxe6 30. Bc6 Rf8 31. Ke2 Rf4 32. a3 Rc4 33. Bf3 Nf5
34. Ke1 1-0

[Event "VII Trofeo Giovanni Pico B"]
[Site "Mirandola ITA"]
[Date "2014.01.11"]
[Round "3"]
[White "Catalano, Gianni"]
[Black "Ferrari, Paolo"]
[Result "1-0"]
[WhiteElo "1482"]
[BlackElo "1323"]
[PlyCount "57"]
[EventDate "2014.01.10"]

1. e4 e6 2. d4 d5 3. exd5 exd5 4. Bd3 Nf6 5. Nf3 c5 6. Be3 Qb6 7. b3 Bg4 8. Nc3
Bxf3 9. Qxf3 cxd4 10. Na4 Qb4+ 11. Bd2 Qd6 12. O-O Nc6 13. Bf4 Qd7 14. c3 O-O-O
15. c4 Nb4 16. cxd5 Nxd3 17. Qxd3 Nxd5 18. Rac1+ Nc7 19. Bxc7 b5 20. Bxd8+ Kxd8
21. Nc5 Bxc5 22. Rxc5 a6 23. Rd1 Ke7 24. Qxd4 Qxd4 25. Rxd4 Re8 26. Re4+ Kd6
27. Rxe8 Kxc5 28. Re7 Kb4 29. Ra7 1-0

[Event "VII Trofeo Giovanni Pico B"]
[Site "Mirandola ITA"]
[Date "2014.01.11"]
[Round "3"]
[White "Pirotti, Livio"]
[Black "Cassanelli, Emilio"]
[Result "0-1"]
[WhiteElo "1416"]
[BlackElo "1488"]
[PlyCount "48"]
[EventDate "2014.01.10"]

1. e4 e5 2. Nf3 Nc6 3. d4 exd4 4. Nxd4 Bc5 5. Be3 Qf6 6. c3 Nge7 7. Bc4 O-O 8.
O-O Qg6 9. f4 Qxe4 10. Bf2 Qg6 11. Nd2 d5 12. Be2 Qf6 13. N2f3 Rd8 14. Qc2 h6
15. Bd3 Bg4 16. Be3 Rac8 17. Rae1 Nxd4 18. Nxd4 Bb6 19. f5 c5 20. Ne6 fxe6 21.
fxe6 Qxe6 22. Kh1 Rf8 23. Bf4 Qd7 24. Be5 Bf5 0-1

[Event "VII Trofeo Giovanni Pico B"]
[Site "Mirandola ITA"]
[Date "2014.01.11"]
[Round "3"]
[White "Turrini, Davide"]
[Black "Minelli, Giancarlo"]
[Result "1-0"]
[WhiteElo "1434"]
[BlackElo "1449"]
[PlyCount "37"]
[EventDate "2014.01.10"]

1. e4 e5 2. Nc3 Bb4 3. Nd5 c5 4. Nxb4 cxb4 5. Nf3 Nc6 6. Bc4 f6 7. d4 Qa5 8.
O-O exd4 9. Nxd4 Nge7 10. Nf5 Nxf5 11. exf5 Qxf5 12. Re1+ Ne7 13. Qd6 Kd8 14.
Qxe7+ Kc7 15. Qxb4 a5 16. Qc3 Kd8 17. Qd4 Kc7 18. Bf4+ Kc6 19. Qd6# 1-0

[Event "VII Trofeo Giovanni Pico B"]
[Site "Mirandola ITA"]
[Date "2014.01.12"]
[Round "4"]
[White "Cassanelli, Emilio"]
[Black "Minelli, Giancarlo"]
[Result "1/2-1/2"]
[WhiteElo "1488"]
[BlackElo "1449"]
[PlyCount "35"]
[EventDate "2014.01.10"]

1. e4 c6 2. d4 d5 3. exd5 cxd5 4. Nf3 Nf6 5. Bf4 e6 6. Bd3 Be7 7. Nbd2 Nc6 8.
c3 a6 9. Qc2 b5 10. a3 Bd6 11. Bg3 Qc7 12. O-O Bxg3 13. hxg3 Bd7 14. Nb3 g6 15.
Nc5 h5 16. Qd2 Ng4 17. Qg5 Ne7 18. Rfe1 1/2-1/2

[Event "VII Trofeo Giovanni Pico B"]
[Site "Mirandola ITA"]
[Date "2014.01.12"]
[Round "4"]
[White "Ferrari, Paolo"]
[Black "Cassanelli, Emma"]
[Result "1-0"]
[WhiteElo "1323"]
[BlackElo "1335"]
[PlyCount "105"]
[EventDate "2014.01.10"]

1. d4 d5 2. Nf3 Nc6 3. c3 Bf5 4. Nbd2 Nf6 5. e3 e6 6. Nh4 Bg6 7. Nxg6 hxg6 8.
Bd3 a6 9. O-O Bd6 10. Nf3 Qe7 11. h3 O-O-O 12. Ng5 e5 13. e4 dxe4 14. Nxe4 Nxe4
15. Bxe4 Qh4 16. Bd5 exd4 17. Bxf7 Qe7 18. Qg4+ Kb8 19. Qxg6 Qe5 20. f4 Qc5 21.
Kh2 Ne7 22. Qxg7 Nf5 23. Qg4 Rh4 24. Qf3 Ne3 25. Bxe3 dxe3 26. g3 Rh7 27. Bd5
Rdh8 28. h4 c6 29. Be4 Qh5 30. Bxh7 Qxf3 31. Rxf3 Rxh7 32. Rxe3 Bc5 33. Re8+
Ka7 34. Kh3 a5 35. Rae1 Rg7 36. g4 Rd7 37. h5 Rd3+ 38. Kh4 Bf2+ 39. Kg5 Bxe1
40. Rxe1 Rd5+ 41. Re5 Rxe5+ 42. fxe5 c5 43. e6 b6 44. e7 b5 45. e8=Q b4 46. c4
Kb6 47. Qb5+ Kc7 48. Qxc5+ Kd8 49. Qxa5+ Ke7 50. h6 Kf7 51. Qc7+ Kf8 52. h7 Ke8
53. h8=R# 1-0

[Event "VII Trofeo Giovanni Pico B"]
[Site "Mirandola ITA"]
[Date "2014.01.12"]
[Round "5"]
[White "Cassanelli, Emma"]
[Black "Cassanelli, Emilio"]
[Result "0-1"]
[WhiteElo "1335"]
[BlackElo "1488"]
[PlyCount "80"]
[EventDate "2014.01.10"]

1. e4 e5 2. Nf3 Nc6 3. Bc4 Bc5 4. Nc3 Nf6 5. d3 h6 6. Be3 Bb6 7. Qd2 d6 8. h3
Be6 9. Bb3 Qd7 10. O-O O-O-O 11. Rfe1 Rdg8 12. Rad1 Ba5 13. d4 Nxe4 14. Qd3
Nxc3 15. bxc3 Bf5 16. Qc4 e4 17. Ne5 dxe5 18. dxe5 Qe6 19. Qa4 Qg6 20. g3 Bxh3
21. Bxa7 Nxa7 22. Qxa5 Kb8 23. Qb4 Nc6 24. Qb5 Rd8 25. Rb1 Bc8 26. Bd5 Na7 27.
Qb4 Rxd5 28. Rxe4 Rb5 29. Qd4 Rxb1+ 30. Kg2 Qe6 31. g4 h5 32. f3 h4 33. Qc5 h3+
34. Kh2 Qxa2 35. Kg3 g5 36. Rc4 Rg1+ 37. Kf2 Rg2+ 38. Ke3 Nc6 39. Qd5 Qxc2 40.
f4 Qe2# 0-1

[Event "VII Trofeo Giovanni Pico B"]
[Site "Mirandola ITA"]
[Date "2014.01.12"]
[Round "5"]
[White "Turrini, Davide"]
[Black "Pirotti, Livio"]
[Result "0-1"]
[WhiteElo "1434"]
[BlackElo "1416"]
[PlyCount "90"]
[EventDate "2014.01.10"]

1. e4 e5 2. Nc3 Nf6 3. Nf3 Nc6 4. d4 exd4 5. Nxd4 Bc5 6. Be3 Qe7 7. Nf5 Qf8 8.
Nb5 Kd8 9. Bg5 d6 10. Qf3 Be6 11. Bd3 Ne5 12. Qg3 Bxf5 13. exf5 Kd7 14. Bxf6
Nxd3+ 15. Qxd3 Re8+ 16. Kd2 gxf6 17. Nd4 Qh6+ 18. Kc3 Re7 19. Rae1 Rhe8 20.
Rxe7+ Rxe7 21. Rd1 Qf4 22. Qb5+ Kc8 23. Rd2 Qe5 24. Qd3 Bb6 25. Kb3 Qxh2 26.
Re2 Rxe2 27. Qxe2 Qe5 28. Qxe5 fxe5 29. Nf3 f6 30. Kc4 Bxf2 31. Kd5 Kd7 32. Nh2
h5 33. g4 hxg4 34. Nxg4 Bh4 35. c4 c6+ 36. Ke4 Bg5 37. b4 Kc7 38. a4 Kb6 39.
Ne3 a5 40. b5 Bxe3 41. Kxe3 cxb5 42. cxb5 Kc5 43. Kd3 b6 44. Kc3 d5 45. Kd3 Kb4
0-1

[Event "II Festival Lazio Scacchi A Gennaio"]
[Site "Roma ITA"]
[Date "2014.01.02"]
[Round "1"]
[White "Lazic, Miroljub"]
[Black "Barletta, Antonio"]
[WhiteElo "2468"]
[BlackElo "1979"]
[Result "1-0"]
[PlyCount "109"]
[EventDate "2014.01.02"]

1. g3 e6 2. Bg2 d5 3. Nf3 Nf6 4. O-O Bd6 5. c4 c6 6. d4 Nbd7 7. Nc3 O-O 8. Qd3
e5 9. cxd5 cxd5 10. dxe5 Nxe5 11. Nxe5 Bxe5 12. Rd1 d4 13. Be3 Qb6 14. Na4 Qa5
15. Bxd4 Bxd4 16. Qxd4 Bd7 17. Nc5 Bc6 18. Nxb7 Bxb7 19. Bxb7 Rab8 20. Bf3 Rfd8
21. b4 Rxd4 22. bxa5 Ra4 23. Rd2 Rxa5 24. Rc1 g6 25. Kg2 Kg7 26. Rc7 Rb6 27. e3
Rba6 28. Rcc2 Kf8 29. Be2 Re6 30. Rc7 Ne4 31. Rdc2 Re7 32. Rc8+ Kg7 33. R8c6 h5
34. Bc4 Nf6 35. Bb3 h4 36. gxh4 Rh5 37. Rc7 Rhe5 38. h3 Ne8 39. Rxe7 Rxe7 40.
Rc5 Nf6 41. Ra5 Kh6 42. Kf3 Nd7 43. e4 Ne5+ 44. Kg3 Nc6 45. Ra4 Ne5 46. f4 Nd3
47. Rc4 Rb7 48. Kf3 Nb4 49. Ke3 Kh5 50. Rc8 Kh6 51. e5 Rd7 52. h5 Re7 53. hxg6
Kxg6 54. a3 Na6 55. Rc6+ 1-0

[Event "II Festival Lazio Scacchi A Gennaio"]
[Site "Roma ITA"]
[Date "2014.01.02"]
[Round "1"]
[White "Sipione, Luigi"]
[Black "Drasko, Milan"]
[WhiteElo "1970"]
[BlackElo "2457"]
[Result "0-1"]
[PlyCount "96"]
[EventDate "2014.01.02"]

1. d4 e6 2. c4 Nf6 3. g3 Bb4+ 4. Bd2 a5 5. a3 Bxd2+ 6. Qxd2 O-O 7. Nc3 d6 8.
Nf3 Qe7 9. Bg2 e5 10. O-O Bg4 11. h3 Bxf3 12. Bxf3 c6 13. e3 Qe6 14. d5 Qxh3
15. dxc6 Nxc6 16. Qxd6 Rfd8 17. Qc5 Ng4 18. Bxg4 Qxg4 19. Nd5 e4 20. Rad1 h5
21. Ne7+ Nxe7 22. Rxd8+ Rxd8 23. Qxe7 Rd7 24. Qe5 a4 25. Qf4 Qf3 26. Rb1 Rd2
27. Qxf3 exf3 28. b3 axb3 29. Rxb3 Rd1+ 30. Kh2 Rf1 31. Rb2 g5 32. a4 g4 33. a5
Kg7 34. c5 Ra1 35. Rxb7 Rxa5 36. c6 Ra2 37. Kg1 Ra1+ 38. Kh2 Rf1 39. Rb2 Rc1
40. Rb6 Kf6 41. c7+ Ke5 42. Rb7 Kd6 43. Rb5 Rxc7 44. Rxh5 Rc2 45. Rg5 Rxf2+ 46.
Kh1 Re2 47. Rxg4 Re1+ 48. Kh2 f2 0-1

[Event "II Festival Lazio Scacchi A Gennaio"]
[Site "Roma ITA"]
[Date "2014.01.02"]
[Round "1"]
[White "Lanzani, Mario"]
[Black "Pierangeli, Andrea"]
[WhiteElo "2305"]
[BlackElo "1926"]
[Result "1-0"]
[PlyCount "111"]
[EventDate "2014.01.02"]

1. c4 Nf6 2. Nc3 e5 3. e3 Be7 4. Nf3 d6 5. d4 exd4 6. exd4 O-O 7. d5 Bg4 8. Be2
Nbd7 9. O-O Bxf3 10. Bxf3 Ne5 11. Be2 Re8 12. Be3 a6 13. f4 Ng6 14. g3 Nd7 15.
Qd2 Bf6 16. Rae1 Ndf8 17. Bf3 Bxc3 18. Qxc3 Qd7 19. Bd4 f5 20. h4 Qf7 21. h5
Ne7 22. Re2 h6 23. Rfe1 Nh7 24. Bxg7 Qxg7 25. Qxg7+ Kxg7 26. Rxe7+ Kf8 27.
Rxe8+ Rxe8 28. Rxe8+ Kxe8 29. Bd1 Nf6 30. Kg2 Ke7 31. Bc2 Nxh5 32. Bxf5 b5 33.
Bc8 a5 34. cxb5 Nf6 35. Be6 Ne4 36. Bg4 Nc5 37. b3 Nd3 38. a3 Ne1+ 39. Kf2 Nc2
40. a4 Kf6 41. Be2 Nd4 42. Bf3 Nc2 43. g4 Nb4 44. Ke3 Nc2+ 45. Kd2 Nb4 46. Kc3
Kf7 47. Be4 Kf6 48. Kc4 Na2 49. Bf3 Nb4 50. b6 cxb6 51. Kb5 Nd3 52. Kxb6 Nxf4
53. Kxa5 Ke7 54. Kb6 Nd3 55. a5 Nb4 56. a6 1-0

[Event "II Festival Lazio Scacchi A Gennaio"]
[Site "Roma ITA"]
[Date "2014.01.02"]
[Round "1"]
[White "Medori, Marco"]
[Black "Albertini, Luca"]
[WhiteElo "1914"]
[BlackElo "2148"]
[Result "0-1"]
[PlyCount "108"]
[EventDate "2014.01.02"]

1. e4 e5 2. Nf3 Nc6 3. Bb5 a6 4. Bxc6 dxc6 5. O-O f6 6. d4 exd4 7. Qxd4 Qxd4 8.
Nxd4 Bd7 9. Be3 O-O-O 10. Nb3 b6 11. N1d2 c5 12. Rfd1 g6 13. Nc4 Bh6 14. Bxh6
Nxh6 15. Ne3 Rhe8 16. Nd5 Ng8 17. Nd2 f5 18. exf5 Bxf5 19. Ne3 Rxe3 20. fxe3
Bxc2 21. Kf2 Bxd1 22. Rxd1 Nf6 23. Ke2 Re8 24. Rf1 Re6 25. Kf3 Nd5 26. e4 Rf6+
27. Kg3 Rxf1 28. Nxf1 Nb4 29. a3 Nd3 30. b3 Kd7 31. Kg4 Ke6 32. Kg5 b5 33. Nd2
Ne5 34. Kh6 c4 35. bxc4 Nxc4 36. Nb1 c5 37. Kxh7 Ne5 38. h4 Kf6 39. Nc3 Nc4 40.
Nd5+ Kf7 41. g4 Ne5 42. g5 a5 43. Kh6 b4 44. axb4 cxb4 45. Nb6 b3 46. Na4 Nd3
47. Kh7 Nf4 48. Kh6 Ke6 49. Nc5+ Ke5 50. Nxb3 a4 51. Nd2 Kd4 52. Kg7 a3 53. e5
a2 54. e6 Kc3 0-1

[Event "II Festival Lazio Scacchi A Gennaio"]
[Site "Roma ITA"]
[Date "2014.01.02"]
[Round "1"]
[White "Wollenweber, Carsten"]
[Black "Molinari, Carlo"]
[WhiteElo "2131"]
[BlackElo "1913"]
[Result "1-0"]
[PlyCount "135"]
[EventDate "2014.01.02"]

1. e4 d6 2. d4 Nf6 3. Nc3 c6 4. Nf3 g6 5. Bg5 Bg7 6. Qd2 h6 7. Bf4 Bg4 8. Bd3
Bxf3 9. gxf3 Qa5 10. O-O-O Nfd7 11. Be3 Na6 12. Bc4 Rc8 13. Kb1 b5 14. Bb3 c5
15. dxc5 Naxc5 16. Rhg1 Nxb3 17. cxb3 Ne5 18. Rg3 Nc6 19. f4 O-O 20. f5 Nb4 21.
a3 Rxc3 22. bxc3 Qxa3 23. Qb2 Qa6 24. fxg6 f5 25. exf5 Rxf5 26. Bd4 e5 27. Be3
e4 28. Bd4 Nd3 29. Rdxd3 exd3 30. Bxg7 Kxg7 31. c4+ Kg8 32. Re3 Qc6 33. Re7 Re5
34. Rxe5 dxe5 35. Qxe5 bxc4 36. bxc4 Qxg6 37. Qb8+ Kh7 38. Qxa7+ Kh8 39. Qb8+
Kh7 40. Qa7+ Kg8 41. Qd4 Qe8 42. Qxd3 Qb8+ 43. Kc2 Qa7 44. Qg6+ Kh8 45. Qxh6+
Kg8 46. Qg6+ Kh8 47. Qe8+ Kh7 48. Qe3 Qa5 49. c5 Qa2+ 50. Kd3 Qd5+ 51. Ke2 Qh1
52. Qe7+ Kg8 53. Qe6+ Kh7 54. h3 Qc1 55. c6 Qc2+ 56. Kf3 Qd1+ 57. Kg2 Qb1 58.
Qe7+ Kg6 59. c7 Qb7+ 60. Kh2 Qf3 61. Qe6+ Kh7 62. Qe3 Qc6 63. Qe7+ Kg6 64. Qd8
Qb6 65. Qg8+ Kh6 66. Qf8+ Kh7 67. c8=Q Qf6 68. Qc2+ 1-0

[Event "II Festival Lazio Scacchi A Gennaio"]
[Site "Roma ITA"]
[Date "2014.01.02"]
[Round "1"]
[White "Sindoni, Antonio"]
[Black "Palermo, Stefano"]
[WhiteElo "1911"]
[BlackElo "2121"]
[Result "0-1"]
[PlyCount "64"]
[EventDate "2014.01.02"]

1. e4 e6 2. d4 c5 3. d5 exd5 4. exd5 d6 5. Nf3 Nf6 6. Bd3 Be7 7. O-O O-O 8. c4
Bg4 9. Nbd2 Nbd7 10. Qc2 Re8 11. b3 Nf8 12. Bb2 b5 13. Rfe1 bxc4 14. bxc4 Rb8
15. Rab1 Ng6 16. Ng5 Nd7 17. Nge4 Nde5 18. Nxc5 Rxb2 19. Qxb2 Bf6 20. Qb5 dxc5
21. Bxg6 hxg6 22. Ne4 Bd7 23. Qb7 Nxc4 24. Qxa7 Bd4 25. Rb7 Bf5 26. Nf6+ Bxf6
27. Rxe8+ Qxe8 28. Rb8 Bc8 29. g3 Kh7 30. Qxc5 Qe1+ 31. Kg2 Qe4+ 32. Kg1 Bh3
0-1

[Event "II Festival Lazio Scacchi A Gennaio"]
[Site "Roma ITA"]
[Date "2014.01.02"]
[Round "1"]
[White "Castelfranchi, Carlo"]
[Black "Colantuono, Virginia"]
[WhiteElo "2052"]
[BlackElo "1909"]
[Result "0-1"]
[PlyCount "84"]
[EventDate "2014.01.02"]

1. e4 c5 2. Nf3 d6 3. d4 cxd4 4. Nxd4 Nf6 5. Nc3 a6 6. Bg5 Nbd7 7. Bc4 Qc7 8.
Qe2 g6 9. O-O-O b5 10. Bd5 Bb7 11. f4 b4 12. Ncb5 axb5 13. Nxb5 Qb6 14. Bxb7
Qxb7 15. e5 dxe5 16. fxe5 Ra5 17. Bxf6 Nxf6 18. exf6 Qxb5 19. Rd3 Qg5+ 20. Kb1
Qxf6 21. Rhd1 e6 22. Rd8+ Qxd8 23. Rxd8+ Kxd8 24. Qf2 Rf5 25. Qb6+ Ke7 26.
Qxb4+ Kf6 27. Qc3+ e5 28. a4 Bd6 29. a5 Rf1+ 30. Ka2 Rf4 31. Qc6 Ke7 32. a6 Bb8
33. g3 Rd4 34. c3 Rd7 35. b4 Rc7 36. Qf3 Rhc8 37. b5 Rxc3 38. Qb7+ R3c7 39. Qd5
Rd7 40. Qe4 Rc5 41. Qa4 Rd2+ 42. Ka1 Rc1# 0-1

[Event "II Festival Lazio Scacchi A Gennaio"]
[Site "Roma ITA"]
[Date "2014.01.02"]
[Round "1"]
[White "Elia, Alessio"]
[Black "Stirpe, Claudio"]
[WhiteElo "1891"]
[BlackElo "2037"]
[Result "1-0"]
[PlyCount "115"]
[EventDate "2014.01.02"]

1. d4 Nf6 2. Nf3 e6 3. e3 c5 4. Bd3 Nc6 5. c3 d5 6. Nbd2 Be7 7. O-O O-O 8. dxc5
Bxc5 9. e4 a6 10. Qe2 Qc7 11. Re1 Ng4 12. Rf1 d4 13. Nb3 dxc3 14. h3 Bxf2+ 15.
Kh1 Nd4 16. Nbxd4 Bxd4 17. hxg4 cxb2 18. Bxb2 Bxb2 19. Qxb2 Qf4 20. Nh2 Qg5 21.
e5 b5 22. Be4 Rb8 23. Qd4 Rd8 24. Qa7 Bd7 25. Rad1 Be8 26. Rxd8 Rxd8 27. Bc6 f5
28. Bxe8 Rxe8 29. Qd7 Qe7 30. Qxe7 Rxe7 31. gxf5 exf5 32. Rxf5 b4 33. Nf3 a5
34. Rf4 h6 35. Kg1 g5 36. Re4 Rc7 37. Re2 g4 38. Ne1 a4 39. Kf2 Kf7 40. Nd3 b3
41. axb3 axb3 42. Rb2 Rc3 43. Ke3 h5 44. g3 h4 45. gxh4 g3 46. Kd4 Rc2 47. Rxb3
Rh2 48. Rb7+ Kf8 49. Ke3 Rxh4 50. Kf3 Rd4 51. Nf4 Ke8 52. Kxg3 Re4 53. e6 Kd8
54. Kg4 Re5 55. Ra7 Rb5 56. Ng6 Rb8 57. Kf5 Rb1 58. e7+ 1-0

[Event "II Festival Lazio Scacchi A Gennaio"]
[Site "Roma ITA"]
[Date "2014.01.02"]
[Round "1"]
[White "Marta, Daniele"]
[Black "Rocchi, Federico"]
[WhiteElo "2036"]
[BlackElo "1878"]
[Result "1-0"]
[PlyCount "87"]
[EventDate "2014.01.02"]

1. d4 g6 2. c4 Bg7 3. Nc3 c5 4. Nf3 cxd4 5. Nxd4 Nc6 6. e3 Nf6 7. Be2 O-O 8.
O-O d5 9. Nxc6 bxc6 10. cxd5 cxd5 11. Bf3 e6 12. Qe2 a5 13. Rd1 Ba6 14. Qe1 Qc7
15. Bd2 Rfc8 16. Rac1 Qd7 17. b3 Qa7 18. Ne2 Bxe2 19. Qxe2 a4 20. b4 a3 21. Qd3
Nd7 22. Rxc8+ Rxc8 23. Rc1 Rxc1+ 24. Bxc1 Ne5 25. Qxa3 Nxf3+ 26. gxf3 Qe7 27.
Bb2 Qg5+ 28. Kf1 h5 29. Bxg7 Kxg7 30. Qb2+ Kh7 31. b5 Qf5 32. Ke2 e5 33. b6 d4
34. f4 Qg4+ 35. Kd2 Qg1 36. Qb5 Qxf2+ 37. Qe2 Qh4 38. b7 Qd8 39. Qb5 Qb8 40.
Qd5 f5 41. Ke2 Kh6 42. h4 Qc7 43. Qb3 Qb8 44. a4 1-0

[Event "II Festival Lazio Scacchi A Gennaio"]
[Site "Roma ITA"]
[Date "2014.01.02"]
[Round "1"]
[White "Machidon, Cristi"]
[Black "Pecorari, Marcello"]
[WhiteElo "1877"]
[BlackElo "2032"]
[Result "1/2-1/2"]
[PlyCount "134"]
[EventDate "2014.01.02"]

1. d4 Nf6 2. c4 c5 3. d5 b5 4. cxb5 a6 5. bxa6 Bxa6 6. Nc3 d6 7. e4 Bxf1 8.
Kxf1 g6 9. g3 Bg7 10. Nf3 Nbd7 11. Qe2 O-O 12. Kg2 Qc7 13. Nd2 Rfb8 14. f4 Qb7
15. Nc4 Ra6 16. a4 Nb6 17. Nxb6 Rxb6 18. Rd1 Nd7 19. Ra3 Rb4 20. a5 Qa7 21. Na4
Qxa5 22. Bd2 Rxb2 23. Qd3 R2b4 24. Nb2 Qc7 25. Bxb4 cxb4 26. Rb3 Nc5 27. Qc2
Qa7 28. Rf3 b3 29. Qe2 Rb4 30. e5 Re4 31. Re3 Rxe3 32. Qxe3 Qa3 33. Nc4 Qa6 34.
Nb2 Qb5 35. Rd2 h5 36. h3 Qb4 37. Rd1 Kh7 38. Qe2 dxe5 39. fxe5 Qc3 40. Nc4 b2
41. Nxb2 Bxe5 42. Nd3 Bd6 43. Qf3 Kg7 44. h4 Nd7 45. Nf2 Qc2 46. Qe4 Qa2 47.
Qd4+ Nf6 48. Rd2 Qa3 49. Ne4 Bc7 50. Rf2 Bb6 51. Qxb6 Nxe4 52. Rxf7+ Kxf7 53.
Qe6+ Kf8 54. Qxe4 Qb2+ 55. Kf3 Qb3+ 56. Kf4 Qb8+ 57. Qe5 Qxe5+ 58. Kxe5 Kf7 59.
Kf4 Kf6 60. g4 hxg4 61. Kxg4 Ke5 62. Kg5 Kxd5 63. Kxg6 e5 64. h5 e4 65. h6 e3
66. h7 e2 67. h8=Q e1=Q 1/2-1/2

[Event "II Festival Lazio Scacchi A Gennaio"]
[Site "Roma ITA"]
[Date "2014.01.02"]
[Round "1"]
[White "Trebeschi, Andrea"]
[Black "Golino, Giovanni"]
[WhiteElo "2020"]
[BlackElo "1874"]
[Result "1-0"]
[PlyCount "81"]
[EventDate "2014.01.02"]

1. e4 e6 2. d3 d5 3. Qe2 dxe4 4. dxe4 e5 5. Nf3 Nc6 6. c3 Nf6 7. h3 Be7 8. Bg5
O-O 9. Nbd2 Nd7 10. Be3 Nb6 11. O-O-O Qe8 12. g4 f6 13. Rg1 g5 14. Nb3 Qf7 15.
Qc2 Nc4 16. Bxc4 Qxc4 17. Nfd2 Qf7 18. f3 Rd8 19. h4 h6 20. hxg5 hxg5 21. Rh1
Kg7 22. Rh5 Rh8 23. Rxh8 Kxh8 24. Rh1+ Kg7 25. Nf1 Be6 26. Qh2 Qg6 27. Ng3 Rg8
28. Nf5+ Kf8 29. Qd2 Bxf5 30. exf5 Qf7 31. Qd7 Bd6 32. Qc8+ Kg7 33. Qxb7 Qc4
34. Nd2 Qa4 35. Qb3 Qa6 36. Qc4 Qb7 37. Ne4 Ne7 38. Qe6 Rf8 39. Bxg5 Ng8 40.
Qd7+ Be7 41. Nc5 1-0

[Event "II Festival Lazio Scacchi A Gennaio"]
[Site "Roma ITA"]
[Date "2014.01.02"]
[Round "1"]
[White "Puga Villarino, Eloy"]
[Black "Simeone, Giulio"]
[WhiteElo "1825"]
[BlackElo "2018"]
[Result "0-1"]
[PlyCount "83"]
[EventDate "2014.01.02"]

1. e4 d6 2. d4 Nf6 3. Nc3 g6 4. f3 c6 5. Bc4 b5 6. Bb3 Qc7 7. Be3 Bg7 8. Qd2 b4
9. Na4 a5 10. Ne2 Ba6 11. O-O O-O 12. c4 Nbd7 13. c5 e5 14. Rfd1 exd4 15. Bxd4
Rfd8 16. Qe3 d5 17. Ng3 Re8 18. Nb6 Rad8 19. Nxd7 Rxd7 20. e5 Rde7 21. Qg5 Nd7
22. f4 Qd8 23. Rd2 Re6 24. Qxd8 Rxd8 25. a3 Bb5 26. axb4 axb4 27. Ra7 Bh6 28.
Rf2 Bf8 29. Rc2 Bd3 30. Rc1 Bh6 31. Rd1 Bb5 32. Be3 Nxe5 33. Bd2 Nd3 34. f5
gxf5 35. Bxh6 Rxh6 36. Nxf5 Rf6 37. Nd6 Nxc5 38. Nxb5 Nxb3 39. Nc7 Rd7 40. Nxd5
Rxd5 41. Rxd5 cxd5 42. Rd7 0-1

[Event "II Festival Lazio Scacchi A Gennaio"]
[Site "Roma ITA"]
[Date "2014.01.03"]
[Round "2"]
[White "Palermo, Stefano"]
[Black "Lazic, Miroljub"]
[WhiteElo "2121"]
[BlackElo "2468"]
[Result "0-1"]
[PlyCount "56"]
[EventDate "2014.01.02"]

1. e4 d6 2. d4 Nf6 3. Bd3 e5 4. c3 Nc6 5. d5 Ne7 6. c4 g6 7. Nc3 Bg7 8. f3 O-O
9. Nge2 Nd7 10. Be3 f5 11. b4 Nf6 12. O-O f4 13. Bf2 g5 14. c5 Ng6 15. Rc1 Rf7
16. cxd6 cxd6 17. Qa4 g4 18. Rc2 gxf3 19. gxf3 Bh3 20. Rfc1 Nd7 21. Bxa7 Qg5+
22. Kf2 Qg2+ 23. Ke1 Qxf3 24. Kd2 Qe3+ 25. Bxe3 fxe3+ 26. Kxe3 Bh6+ 27. Nf4
Rxa4 28. Nxa4 Nxf4 0-1

[Event "II Festival Lazio Scacchi A Gennaio"]
[Site "Roma ITA"]
[Date "2014.01.03"]
[Round "2"]
[White "Drasko, Milan"]
[Black "Marta, Daniele"]
[WhiteElo "2457"]
[BlackElo "2036"]
[Result "1-0"]
[PlyCount "61"]
[EventDate "2014.01.02"]

1. Nf3 Nf6 2. g3 e6 3. Bg2 Be7 4. O-O O-O 5. c4 d5 6. b3 b6 7. Bb2 Bb7 8. e3
Nbd7 9. Nc3 c5 10. Qe2 Rc8 11. d3 e5 12. Nd2 Nb8 13. cxd5 Nxd5 14. Nxd5 Bxd5
15. Bxe5 Bxg2 16. Kxg2 Qd5+ 17. Nf3 Nc6 18. Bc3 Rfd8 19. Rfd1 Nb4 20. Rd2 b5
21. e4 Qh5 22. Bxb4 cxb4 23. d4 Rc3 24. d5 Rd6 25. Nd4 Qxe2 26. Rxe2 a6 27. Nf5
Rd7 28. d6 Bd8 29. e5 g6 30. Ne3 f6 31. f4 1-0